Marketing

محفوظ في:
التفاصيل البيبلوغرافية
المؤلف الرئيسي: Trần, Minh Đạo
التنسيق: كتاب
اللغة:Undetermined
منشور في: Hà Nội Thống Kê 2003
الموضوعات:
الوسوم: إضافة وسم
لا توجد وسوم, كن أول من يضع وسما على هذه التسجيلة!
Thư viện lưu trữ: Trung tâm Học liệu Trường Đại học Cần Thơ
LEADER 00502nam a2200193Ia 4500
001 CTU_91033
008 210402s9999 xx 000 0 und d
020 |c 20000 
082 |a 658.83 
082 |b Đ108 
100 |a Trần, Minh Đạo 
245 0 |a Marketing 
245 0 |c Trần Minh Đạo 
260 |a Hà Nội 
260 |b Thống Kê 
260 |c 2003 
650 |a Managerial economics,Marketing 
904 |i Năm 
980 |a Trung tâm Học liệu Trường Đại học Cần Thơ